000 00559nam a2200217 4500
001 851051
005 20180314080651.0
008 701019s1970 nyua b 001 0 eng
010 _a 78107545
020 _a0124722520
040 _aDLC
_cDLC
_dDLC
041 _aeng
080 _a531.3 MAR
082 0 0 _a531.3 MAR
100 1 _a26
101 _aMEK
245 1 0 _aClassical dynamics of particles and systems
_c[by] Jerry B. Marion.
504 _aBibliography: p. 557-562.
906 _a7
_bcbc
_corignew
_d4
_encip
_f19
_gy-gencatlg
942 _2ddc
_cBK
999 _c45002
_d45002